000 00350nam a2200133 4500
005 20260530113857.0
100 1 _aBritish Council
_931840
245 1 0 _aDesign and Architeture News/Programme
264 1 _bBritish Council
_c2007
300 _a16 páginas
336 _atexto
_2rdacontent
337 _asin medio
_2rdamedia
338 _avolumen
_2rdacarrier
999 _c11651
_d11651